000 00750nam a22002412 4500
001 0000004736
005 20151217154350.0
008 070528s xx 000 0 eng d
020 _a0023963700 :
_cKES 800
040 _aKABU
_cKABU
050 0 _aQL605
_b.P68 1996
100 1 _aPough, F. Harvey.
_@0000155484
245 1 0 _aVertebrate life /
_cF. Harvey Pough, John B. Heiser, William N. Mcfarland.
250 _a4th ed.
260 _aUpper Saddle River, NJ :
_bPrentice Hall,
_c1996.
300 _axvii, 798 p.
650 0 _aVertebrates.
_@0000045948
700 1 _aHeiser, John B.
_@0000155485
700 1 _aMcFarland, William N.
_@0000155486
908 _a070528
950 _@1
999 _c10798
_d10798